| 000 | 01252cam a2200373 a 4500 | ||
|---|---|---|---|
| 001 | 85086 | ||
| 005 | 20230410103742.0 | ||
| 008 | 070809s2007 fr a b 000 0 fre c | ||
| 035 | _a(OCoLC)ocn175290910 | ||
| 040 |
_aYUS _cYUS |
||
| 020 | _a2758800225 (pbk.) | ||
| 020 | _a9782758800224 (pbk.) | ||
| 035 | _a(OCoLC)175290910 | ||
| 042 | _apcc | ||
| 043 | _ae-fr--- | ||
| 050 | 1 | 4 |
_a318 DC 801 _bA327b 2007 |
| 082 | 0 | 0 | _a944.034 |
| 049 | _aGRAL | ||
| 100 | 1 | _aAlbarade, Marie d'. | |
| 245 | 1 | 2 |
_aLa belle histoire des palaces de Biarritz / _cMarie d'Albarade. |
| 260 |
_aBiarritz : _bAtlantica, _cc2007. |
||
| 300 |
_a234 p. : _bill. ; _c21 cm. |
||
| 504 | _aIncludes bibliographical references (p. [237-238]). | ||
| 505 | 1 | _a1. L'hotel des Princes. Le Grand Hotel. L'hotel d'Angleterre. L'hotel Continental. L'hotel Victoria. Hélianthe | |
| 650 | 0 |
_aHotels _zFrance _zBiarritz _xHistory. |
|
| 651 | 0 |
_aBiarritz (France) _xBuildings, structures, etc. |
|
| 651 | 0 |
_aBiarritz (France) _xHistory. |
|
| 651 | 4 |
_aBiarritz (Francia) _xVida social y costumbres. |
|
| 650 | 4 |
_aCasas de campo _zBiarritz (Francia). |
|
| 650 | 4 |
_aEdificios históricos _zBiarritz (Francia). |
|
| 942 |
_2lcc _cbk |
||
| 946 | _amfcruz | ||
| 994 |
_aC0 _bDRFGD |
||
| 999 |
_c25126 _d25126 |
||